000 02544cam a2200505 i 4500
999 _c4297
_d4297
001 19258494
003 OSt
005 20250205130242.0
008 160901s2015 nyua j 000 1 eng d
010 _a 2016952954
020 _a9780008135195
020 _a9780062560902 (paperback)
020 _a9780008183424
020 _a0008135193
020 _a0008183422
020 _a9780062560896
020 _a0062560891
035 _a(OCoLC)ocn919387020
040 _aATWFP
_beng
_erda
_cATWFP
_dNZFNP
_dOCLCO
_dATMAZ
_dOCLCO
_dAUOAC
_dOCLCQ
_dOCLCO
_dOCLCF
_dOCLCO
_dAUOAC
_dORK
_dKFW
_dOCLCO
_dIGA
_dOCL
_dBTCTA
_dMIA
_dDLC
042 _alccopycat
050 0 0 _aPZ7.W1593357
_bGr 2015
082 0 4 _a823.93
_223
100 1 _aWalliams, David,
_d1971-
_eauthor.
245 1 0 _aGrandpa's great escape /
_cwritten by David Walliams ; illustrated by Tony Ross.
264 1 _aNew York, NY :
_bHarper, an imprint of HarperCollinsPublishers,
_c[2015].
300 _a437, 13 pages :
_billustrations ;
_c22 cm
336 _atext
_btxt
_2rdacontent
337 _aunmediated
_bn
_2rdamedia
338 _avolume
_bnc
_2rdacarrier
520 8 _aJack's Grandpa wears his slippers to the supermarket serves up Spam à la Custard for dinner and often doesn't remember Jack's name But he can still take to the skies in a speeding Spitfire and save the day An exquisite portrait of the bond between a small boy and his beloved Grandpa this book takes readers on an incredible journey with Spitfires over London and Great Escapes through the city in a high octane adventure full of comedy and heart. Illustrated by the award-winning Tony Ross.
650 0 _aGrandfathers
_vJuvenile fiction.
650 0 _aGrandparent and child
_vJuvenile fiction.
650 0 _aNursing home care
_vJuvenile fiction.
650 0 _aEscapes
_vJuvenile fiction.
650 7 _aJUVENILE FICTION / Action & Adventure.
_2bisacsh
650 7 _aJUVENILE FICTION / Family / Multigenerational.
_2bisacsh
650 7 _aJUVENILE FICTION / Humorous Stories.
_2bisacsh
655 0 _aFamily saga.
655 7 _aHumorous fiction.
_2lcgft
700 1 _aRoss, Tony,
_eillustrator.
775 0 8 _iReproduction of (manifestation):
_aWalliams, David, 1971-
_tGrandpa's great escape
_dLondon : HarperCollins Children's Books, 2015
_z9780007494019
906 _a7
_bcbc
_ccopycat
_d2
_eepcn
_f20
_gy-gencatlg
942 _2ddc
_cFIC